01146nam a2200193Ia 4500001001000000003001000010008004100020040002500061041001300086100003100099245004100130250001100171260008100182300002800263500026200291501011400553520026200667650002300929L210-3946IT-CnALBA170116s9999||||xx |||||||||||||| ||und|| aIT-CnALBAcIT-CnALBA aITALIANO aGONZALEZ-RUIZ JOSÈ-MARIA 0aIL CRISTIANESIMO NON È UMANESIMO.  a1a ed. a ASSISIbCITTADELLA EDITRICE c1967 [1° Ed.:1967 - Ed.Ling.Originale: 1967] a200 p. (prefazione: 57) aPREFAZIONE DI CHENU. TRADUZIONE DALLO SPAGNOLO DI GIUSEPPINA POMPEI. DIO DI ABRAMO, ISACCO GIACOBBE. L'UOMO RELIGIOSO RESPONSABILE DELLA STORIA. MISTICA BIBLICA DELL'IMPEGNO. UOMO RELIGIOSO E ALIENAZIONE UMANA. LA CHIESA POPOLO DI DIO NEL MONDO. LIBERTÀ R aSocietà San Paolo EM - Piazza San Paolo, 14 - 12051 ALBA (CN) (non commercial uses only) ® Copyright 2017 aPREFAZIONE DI CHENU. TRADUZIONE DALLO SPAGNOLO DI GIUSEPPINA POMPEI. DIO DI ABRAMO, ISACCO GIACOBBE. L'UOMO RELIGIOSO RESPONSABILE DELLA STORIA. MISTICA BIBLICA DELL'IMPEGNO. UOMO RELIGIOSO E ALIENAZIONE UMANA. LA CHIESA POPOLO DI DIO NEL MONDO. LIBERTÀ R aRELIGIONE NATURALE